The Howard W. Sams crash course in microcomputers /

Bibliographic Details
Main Author: Frenzel, Louis E., Jr., 1938-
Format: Book
Language:English
Published: Indianapolis, Ind. : H.W. Sams, [1980]
Edition:1st ed.
Subjects:

MARC

Tag First Indicator Second Indicator Subfields
LEADER 00000cam a2200000 a 4500
001 in00000073442
005 20151008053501.0
008 800424s1980 inua p 00110 engm
010 |a  79065750  
020 |a 0672216345 (pbk.) :  |c $17.50 
035 |a (OCoLC)05929358 
035 |9 AAH7579AM 
040 |a DLC  |c DLC  |d m.c.  |d TXA  |d UtOrBLW 
049 |a TXAM  |c [1421992] 
050 0 0 |a QA76.5  |b .F746 
082 0 |a 001.6/04 
090 |a QA76.5  |b .F746 1981 
100 1 |a Frenzel, Louis E.,  |c Jr.,  |d 1938- 
245 1 4 |a The Howard W. Sams crash course in microcomputers /  |c by Louis E. Frenzel, Jr. 
250 |a 1st ed. 
264 1 |a Indianapolis, Ind. :  |b H.W. Sams,  |c [1980] 
264 3 |c 1981 printing 
264 4 |c ©1980 
300 |a 264 pages :  |b illustrations ;  |c 28 cm. 
336 |a text  |b txt  |2 rdacontent 
337 |a unmediated  |b n  |2 rdamedia 
338 |a volume  |b nc  |2 rdacarrier 
500 |a Includes index. 
650 0 |a Microcomputers  |x Programmed instruction. 
740 0 |a Crash course in microcomputers. 
999 |a MARS 
999 f f |s bf7ca84b-90c7-379c-a067-e6f4513146b7  |i 01ed6ce9-704f-3db1-b273-0eb32bb29338  |t 0 
952 f f |p normal  |a Texas A&M University  |b College Station  |c Sterling C. Evans Library  |d Evans: Library Stacks  |t 0  |e QA76.5 .F746 1981  |h Library of Congress classification  |i unmediated -- volume  |m A14806201415 
998 f f |a QA76.5 .F746 1981  |t 0  |l Evans: Library Stacks